Gaming Quiz

Random Gaming Quiz

CSGO Ranks Quiz Stats

 Plays Quiz not verified by Sporcle

Challenge
Share
Tweet
Embed
Score 0/18 Timer 10:00
0 Plays Today
Hint Answer % Correct
SilverSilver Elite
88.2%
G.EThe Global Elite
84.3%
SilverSilver I
82.4%
SilverSilver II
82.2%
SilverSilver III
82.1%
SilverSilver Elite Master
81.2%
GoldGold Nova Master
80.2%
SilverSilver IV
77.5%
GoldGold Nova I
76.7%
Hint Answer % Correct
GoldGold Nova II
76.5%
GoldGold Nova III
76.4%
EagleLegendary Eagle
74.6%
MasterMaster Guardian I
70.3%
EagleLegendary Eagle Master
70.3%
MasterMaster Guardian II
70%
SMasterSupreme Master First Class
59.6%
MasterDistinguished Master Guardian
57.7%
MasterMaster Guardian III
56.2%

You're not logged in!

Compare scores with friends on all Sporcle quizzes.
Join for Free
OR
Log In

You Might Also Like...

Show Comments

Extras

Created Feb 28, 2016ReportNominate

Top Quizzes Today


Score Distribution

Your Account Isn't Verified!

In order to create a playlist on Sporcle, you need to verify the email address you used during registration. Go to your Sporcle Settings to finish the process.

Report this User

Report this user for behavior that violates our Community Guidelines.

Details: